| 000 | 00650nam a22001577a 4500 | ||
|---|---|---|---|
| 003 | OSt | ||
| 005 | 20150919170653.0 | ||
| 008 | 150919b xxu||||| |||| 00| 0 eng d | ||
| 040 | _cRUA | ||
| 082 | _aAGR HUN 2008 B036 Or.1 | ||
| 100 |
_9893 _aHUN, BORIN. |
||
| 245 | _aThe effect of rice seedling age on grassy stunt disease in dry season in year 2008 ឥទ្ធិពលនៃអាយុកាលសំណាបទៅលើជំងឺតឿស្មៅនៃដាំណាំស្រូវ នារដូវប្រាំងឆ្នាំ ២០០៨ | ||
| 260 |
_aPhnom Penh _bRUA _c2008 |
||
| 300 |
_ax; 47p. _bill. _c29cm. |
||
| 942 |
_2ddc _cAGR |
||
| 999 |
_c861 _d861 |
||